000 00222nam a22000977a 4500
999 _c262836
_d262835
020 _a97804252887453
100 _aFloyd Cooper
245 _aMax and the tag along moon
260 _aU.S.A
_bPenguin Group
_c2013
942 _cBK